Sociological snapshots : (Record no. 13029)

000 -LEADER
fixed length control field 00511pam a2200169 a 4500
020 ## - INTERNATIONAL STANDARD BOOK NUMBER
ISBN 0803990014 (pb : acidfree paper)
040 ## - CATALOGING SOURCE
Transcribing agency DLC
082 00 - DEWEY DECIMAL CLASSIFICATION NUMBER
Classification number 301 PIN 1993 A014 Or.
100 1# - MAIN ENTRY--AUTHOR NAME
Personal name Levin Jack,
245 10 - TITLE STATEMENT
Title Sociological snapshots :
Remainder of title seeing social structure and change in everyday life /
260 ## - PUBLICATION, DISTRIBUTION, ETC. (IMPRINT)
Place of publication Thousand Oaks [Calif.] :
Name of publisher Pine Forge Press,
Year of publication c1993.
300 ## - PHYSICAL DESCRIPTION
Number of Pages xvii, 158 p. :
Other physical details ill. ;
Dimensions 23 cm.
650 #0 - SUBJECT ADDED ENTRY--TOPICAL TERM
Topical Term Sociology.
650 #0 - SUBJECT ADDED ENTRY--TOPICAL TERM
Topical Term Social change.
650 #0 - SUBJECT ADDED ENTRY--TOPICAL TERM
Topical Term Social structure
942 ## - ADDED ENTRY ELEMENTS (KOHA)
Koha item type សៀវភៅភាសាអង់គ្លេស
952 ## - LOCATION AND ITEM INFORMATION (KOHA)
Withdrawn status [LOCAL, KOHA] 0
Holdings
Permanent Location Date acquired Koha item type Lost status Shelving location Barcode Current Location Full call number
Library Block A2017-08-19សៀវភៅភាសាអង់គ្លេស A014a16079Library Block A301 PIN 1993 A014 Or.
មជ្ឈមណ្ឌលឯការនៃសាកលវិទ្យាល័យភូមិន្ទកសិកម្មចំការដូង

Powered by Koha